Language Quiz

Random Language or German Quiz
Score 0/30 Timer 08:00
0 Plays Today
Hint Answer % Correct
todayheute
84.6%
verysehr
82.9%
nevernie
81.6%
tomorrowmorgen
80.3%
leftlinks
80.3%
yesterdaygestern
78.1%
rightrechts
78.1%
thendann
77.2%
nowjetzt
76.8%
oftenoft
76.3%
togetherzusammen
75.4%
alwaysimmer
73.2%
sometimesmanchmal
66.2%
stillnoch
64.5%
latespät
63.6%
Hint Answer % Correct
theredort
63.2%
soonbald
62.3%
farweit
61.8%
earlyfrüh
61%
straight aheadgerade aus
60.5%
outsidedraußen
60.1%
immediatelysofort
59.2%
upoben
56.1%
backzurück
54.4%
completely/entirelyganz
53.9%
insidedrinnen
52.2%
downunten
50.9%
back thendamals
46.9%
quite/fairlyziemlich
45.2%
extremely/exceedinglyäußerst
31.1%
Remove Ads.
Support Sporcle.
Get the best of Sporcle when you Go Orange. This ad-free experience offers more features, more stats, and more fun while also helping to support Sporcle. Thank you for becoming a member.

You're not logged in!

Compare scores with friends on all Sporcle quizzes.
OR
Log In

Show Comments

Extras

Created Dec 16, 2014ReportNominate
Tags:German Quiz, Adverb

Top Quizzes Today


Score Distribution

Your Account Isn't Verified!

In order to create a playlist on Sporcle, you need to verify the email address you used during registration. Go to your Sporcle Settings to finish the process.

Report this User

Report this user for behavior that violates our Community Guidelines.

Details: